| 000 -LEADER |
| fixed length control field |
01850nam a22002177a 4500 |
| 020 ## - INTERNATIONAL STANDARD BOOK NUMBER |
| ISBN |
9789048556656 (ebk) |
| 082 ## - DEWEY DECIMAL CLASSIFICATION NUMBER |
| Classification number |
959.0902 |
| Item number |
B598 2023 |
| 100 ## - MAIN ENTRY--AUTHOR NAME |
| Personal name |
Blanco, John D., author. |
| 245 ## - TITLE STATEMENT |
| Title |
Counter-hispanization in the colonial Philippines : literature, law, religion, and native custom / John D. Blanco. |
| 260 ## - PUBLICATION, DISTRIBUTION, ETC. (IMPRINT) |
| Place of publication |
Amsterdam : |
| Name of publisher |
Amsterdam University Press, |
| Year of publication |
2023. |
| 300 ## - PHYSICAL DESCRIPTION |
| Number of Pages |
1 online resource, 355 pages : |
| Other physical details |
illustrations (chiefly color). |
| 490 ## - SERIES STATEMENT |
| Series statement |
Connected histories in the early modern world. |
| 500 ## - GENERAL NOTE |
| General note |
Includes bibliographical references and index. |
| 520 ## - SUMMARY, ETC. |
| Summary, etc |
In Counter-Hispanization in the Colonial Philippines, the author analyzes the literature and politics of 'spiritual conquest' in order to demonstrate how it reflected the contribution of religious ministers to a protracted period of social anomie throughout the mission provinces between the sixteenth-eighteenth centuries. By tracking the prose of spiritual conquest with the history of the mission in official documents, religious correspondence, and public controversies, the author shows how, contrary to the general consensus in Philippine historiography, the literature and pastoral politics of spiritual conquest reinforced the frontier character of the religious provinces outside Manila in the Americas as well as the Philippines, by supplanting the (absence of) law in the name of supplementing or completing it. This frontier character accounts for the modern reinvention of native custom as well as the birth of literature and theater in the Tagalog vernacular. |
| 650 ## - SUBJECT ADDED ENTRY--TOPICAL TERM |
| Topical Term |
Philippine literature (Spanish) -- History and criticism |
| 650 ## - SUBJECT ADDED ENTRY--TOPICAL TERM |
| Topical Term |
Spain -- Relations -- Philippines |
| 650 ## - SUBJECT ADDED ENTRY--TOPICAL TERM |
| Topical Term |
Spain -- Colonies -- Asia |
| 650 ## - SUBJECT ADDED ENTRY--TOPICAL TERM |
| Topical Term |
Philippines -- Relations -- Spain |
| 650 ## - SUBJECT ADDED ENTRY--TOPICAL TERM |
| Topical Term |
Philippines -- History -- 1521-1898 |
| 942 ## - ADDED ENTRY ELEMENTS (KOHA) |
| Koha item type |
Electronic Books |